| 000 | 00424nam a22001337a 4500 | ||
|---|---|---|---|
| 020 | _a0-87855-912-4 | ||
| 082 | _a355 KNO'S | ||
| 100 |
_aMORGAN, PATRICK ,KORR, KLAUS _956249 |
||
| 245 | _aSTRATEGIC MILITARY SURPRISE ,INCENTIVES AND OPPORTUNITIES | ||
| 260 |
_aRAWALPINDI _bSERVICE BOOK CLUB _c1984 |
||
| 300 | _a265P | ||
| 650 |
_aSURPRISE ADDRESSES ESSAYS LECTURES STRATEGY ADDRESSES ESSAYS LECTURES _956250 |
||
| 942 | _cBK | ||
| 999 |
_c566726 _d566726 |
||